|
|
|
|
| LEADER |
00000naa2a2200000 4500 |
| 001 |
185127 |
| 005 |
20240118113407.0 |
| 035 |
|
|
|a (RuTPU)RU\TPU\book\200798
|
| 090 |
|
|
|a 185127
|
| 100 |
|
|
|a 20101001d2010 k y0rusy50 ca
|
| 101 |
0 |
|
|a rus
|
| 102 |
|
|
|a RU
|
| 200 |
1 |
|
|a Организация магистерской подготовки на кафедре "Технология основного органического синтеза и ВМС"
|f В. Г. Бондалетов, О. В. Ротарь
|
| 463 |
|
0 |
|0 (RuTPU)RU\TPU\book\191281
|t Совершенствование содержания и технологии учебного процесса
|o сборник трудов научно-методической конференции, г. Томск, 12-13 февраля 2010 г.
|f Томский политехнический университет (ТПУ)
|v С. 178-179
|d 2010
|p 279 с.
|
| 610 |
1 |
|
|a магистерская подготовка
|
| 610 |
1 |
|
|a кафедры
|
| 610 |
1 |
|
|a организация
|
| 610 |
1 |
|
|a органический синтез
|
| 610 |
1 |
|
|a технологии
|
| 610 |
1 |
|
|a университеты
|
| 610 |
1 |
|
|a труды учёных ТПУ
|
| 700 |
|
1 |
|a Бондалетов
|b В. Г.
|c химик-технолог
|c профессор Томского политехнического университета, доктор технических наук
|f 1957-
|g Владимир Григорьевич
|3 (RuTPU)RU\TPU\pers\25605
|9 11534
|
| 701 |
|
1 |
|a Ротарь
|b О. В.
|c химик-технолог
|c доцент Томского политехнического университета, кандидат химических наук
|f 1947-
|g Ольга Васильевна
|3 (RuTPU)RU\TPU\pers\26926
|9 12536
|
| 801 |
|
1 |
|a RU
|b 63413507
|c 20101001
|
| 801 |
|
2 |
|a RU
|b 63413507
|c 20160610
|g RCR
|
| 942 |
|
|
|c BK
|